Palabra de filósofo: jornadas de reflexión en el día mundial de la filosofía
Salvato in:
| Autori principali: | , , |
|---|---|
| Natura: | Libro |
| Lingua: | spagnolo |
| Pubblicazione: |
Santiago
Comisión Ncional Chilena de Cooperación con UNESCO
2007
|
| Soggetti: | |
| Tags: |
Aggiungi Tag
Nessun Tag, puoi essere il primo ad aggiungerne!!
|
MARC
| LEADER | 00000nam a2200000 a 4500 | ||
|---|---|---|---|
| 001 | UCI3159 | ||
| 003 | CL-VaPUC | ||
| 008 | 071012e20070600CL |||||||||||||||||spa|d | ||
| 020 | |a 9789562921480 | ||
| 082 | 0 | 4 | |a 101 |b COL |2 21 |
| 100 | 0 | |a Colodro, Max |e author |9 524574 | |
| 700 | 0 | |a Foxley, Ana María |e author |9 524575 | |
| 700 | 0 | |a Rosseti, Carolina |e author |9 524576 | |
| 245 | 1 | 0 | |a Palabra de filósofo: jornadas de reflexión en el día mundial de la filosofía |
| 300 | |a 438 p | ||
| 942 | |c BK | ||
| 945 | |d 20071012 00:00:00 |a jtorresc | ||
| 260 | |a Santiago |b Comisión Ncional Chilena de Cooperación con UNESCO |c 2007 | ||
| 650 | 0 | |a Globalización |9 361930 | |
| 650 | 0 | |a Metafísica |9 265649 | |
| 650 | 0 | |a Ética |9 255099 | |
| 650 | 0 | |a Democracia |9 255256 | |
| 650 | 0 | |a Enseñanza de la filosofía |9 256848 | |
| 583 | |a last modification |c 20071012 00:00:00 |k Rodrigo Vera | ||
| 999 | |c 327532 |d 327530 | ||
| 952 | |0 0 |1 0 |4 0 |6 101_000000000000000_COL_2007 |7 0 |8 A |9 410458 |a BIBEDU |b BIBEDU |d 2019-11-22 |i 4377850 |o 101 COL 2007 |p 4377850 |r 2019-11-22 |w 2019-11-22 |y BK |k FIL | ||
| 952 | |0 0 |1 0 |4 0 |6 101_000000000000000_COL_2007 |7 0 |8 A |9 410459 |a BIBEDU |b BIBEDU |d 2019-11-22 |i 4377915 |o 101 COL 2007 |p 4377915 |r 2019-11-22 |w 2019-11-22 |y BK |k FIL | ||
| 952 | |0 0 |1 0 |4 0 |6 101_000000000000000_COL_2007 |7 0 |8 A |9 410460 |a BIBEDU |b BIBEDU |d 2019-11-22 |i 4324188 |o 101 COL 2007 |p 4324188 |r 2019-11-22 |w 2019-11-22 |y BK |k FIL | ||
| 952 | |0 0 |1 0 |4 0 |6 101_000000000000000_COL_2007 |7 0 |8 A |9 410461 |a BIBEDU |b BIBEDU |d 2019-11-22 |i 4529677 |o 101 COL 2007 |p 4529677 |r 2019-11-22 |w 2019-11-22 |y BK |k FIL | ||